Hlavné úlohy a ciele konvergenčného procesu krajín SVE a EMÚ

Guardado en:
Detalles Bibliográficos
Autor principal: Kováč, Urban
Formato: Capítulo de libro
Lenguaje:eslovaco
Etiquetas: Agregar Etiqueta
Sin Etiquetas, Sea el primero en etiquetar este registro!

MARC

LEADER 00000naa$a2200000$$$4500
001 0062548
005 20240502071715.5
041 0 |a slo 
044 |a SK 
245 1 0 |a Hlavné úlohy a ciele konvergenčného procesu krajín SVE a EMÚ  |c Urban Kováč 
100 1 |a Kováč, Urban